ARRUPE JESUIT UNIVERSITY

CORONAVIRUS -STOP THE SPREAD - CLEAN,DISINFECT,COVER

History and archaeology In Africa. (Record no. 121477)

MARC details
000 -LEADER
fixed length control field 00912cam a22002651 4500
001 - CONTROL NUMBER
control field 16001099
003 - CONTROL NUMBER IDENTIFIER
control field ARRUPE
005 - DATE AND TIME OF LATEST TRANSACTION
control field 20141211110450.0
008 - FIXED-LENGTH DATA ELEMENTS--GENERAL INFORMATION
fixed length control field 091130s1959 enk b 100 0 eng
010 ## - LIBRARY OF CONGRESS CONTROL NUMBER
LC control number 61046686
040 ## - CATALOGING SOURCE
Original cataloging agency DLC
Transcribing agency DLC
Modifying agency DLC
043 ## - GEOGRAPHIC AREA CODE
Geographic area code f------
050 00 - LIBRARY OF CONGRESS CALL NUMBER
Classification number DT1
Item number .C59 1957c
300 ## - PHYSICAL DESCRIPTION
Dimensions 25 cm.
111 2# - MAIN ENTRY--MEETING NAME
Meeting name or jurisdiction name as entry element Conference on History and Archaeology in Africa
Number of part/section/meeting (2nd :
Date of meeting 1957 :
Location of meeting University of London) [from old catalog]
9 (RLIN) 13340
245 10 - TITLE STATEMENT
Title History and archaeology In Africa.
Statement of responsibility, etc Edited by D. H. Jones.
260 ## - PUBLICATION, DISTRIBUTION, ETC. (IMPRINT)
Place of publication, distribution, etc [London]
Name of publisher, distributor, etc School of Oriental and African Studies, University of London,
Date of publication, distribution, etc 1959.
300 ## - PHYSICAL DESCRIPTION
Extent 58 p.
504 ## - BIBLIOGRAPHY, ETC. NOTE
Bibliography, etc Bibliographical footnotes.
651 #0 - SUBJECT ADDED ENTRY--GEOGRAPHIC NAME
Geographic name Africa
General subdivision History
Form subdivision Congresses.
9 (RLIN) 13341
700 1# - ADDED ENTRY--PERSONAL NAME
Personal name Jones, D. H.,
Relator term ed.
9 (RLIN) 13342
906 ## - LOCAL DATA ELEMENT F, LDF (RLIN)
a 0
b cbc
c premunv
d u
e ncip
f 19
g y-gencatlg
942 ## - ADDED ENTRY ELEMENTS (KOHA)
Source of classification or shelving scheme Library of Congress Classification
Koha item type SPC
Holdings
Withdrawn status Lost status Source of classification or shelving scheme Damaged status Not for loan Collection code Home library Current library Shelving location Date acquired Total Checkouts Full call number Barcode Date last seen Price effective from Koha item type
    Library of Congress Classification     SPECIAL Collection ARRUPE LIBRARY ARRUPE LIBRARY Main Collection 11/12/2014   SPC DT1 .C59 1957c 46500003472 11/12/2014 11/12/2014 SPC

 

Arrupe Library. PO Box MP320 Mt Pleasant, Harare, Zimbabwe
263 242 745411|librarian@aju.ac.zw